Statistics for Brazilian State Capitals - Map Quiz

Click here to take the quiz!

General Stats

  • This quiz has been taken 39 times
  • The average score is 19 of 27

Answers on the Map

Answers color-coded by a green-red scale on the quiz's map according to % correct below.
 

Answer Stats

Answer% Correct
Brasília
91%
Porto Alegre
91%
Rio de Janeiro
91%
São Paulo
86%
Campo Grande
82%
Manaus
82%
Belém
77%
Goiânia
77%
Salvador
77%
Vitória
77%
Belo Horizonte
73%
Florianópolis
73%
Fortaleza
73%
Natal
73%
Porto Velho
73%
Rio Branco
73%
São Luís
73%
Boa Vista
68%
Curitiba
68%
Teresina
68%
Macapá
64%
Palmas
64%
Recife
64%
Aracaju
59%
João Pessoa
55%
Cuiabá
50%
Maceió
45%

Score Distribution

Percentile by Number Answered

Percent of People with Each Score

Your Score History

You have not taken this quiz